Manchester United Players 150 or More Goals - Sudden Death - Statistics

General Stats
  • This quiz has been taken 129 times
  • The average score is 4 of 10
Answers on the Grid
Answers color-coded by a green-red scale on the quiz's grid according to % correct below.
Andy Cole
Anthony Martial
Bobby Charlton
Brian McClair
Bruno Fernandes
Bryan Robson
Chicharito
Cristiano Ronaldo
David Beckham
David Herd
Denis Law
Dennis Viollet
Dimitar Berbatov
Dwight Yorke
Éric Cantona
George Best
Jack Rowley
Louis Saha
Marcus Rashford
Mark Hughes
Ole Gunnar Solskjær
Paul Pogba
Paul Scholes
Robin van Persie
Roy Keane
Ruud van Nistelrooy
Ryan Giggs
Teddy Sheringham
Wayne Rooney
Zlatan Ibrahimović
 
Answer Stats
Answer % Correct
Wayne Rooney
70%
Bobby Charlton
68%
Ryan Giggs
47%
Denis Law
45%
George Best
40%
Dennis Viollet
26%
Mark Hughes
26%
Ruud van Nistelrooy
26%
Paul Scholes
25%
Jack Rowley
19%
No matching quizzes found
Score Distribution
Percent of People with Each Score
Percentile by Number Answered
Your Score History
You have not taken this quiz